| Tag |
First Indicator |
Second Indicator |
Subfields |
| LEADER |
00000cam a2200000Ma 4500 |
| 001 |
in00001702315 |
| 005 |
20151024153045.0 |
| 008 |
880729s1988 ja a bt 000 0 eng d |
| 035 |
|
|
|a (OCoLC)ocm35458776
|
| 040 |
|
|
|a CAI
|c CAI
|d TXA
|d UtOrBLW
|
| 049 |
|
|
|a TXAM
|
| 090 |
|
|
|a TA1
|b .M758 no. 181
|
| 100 |
1 |
|
|a Sasajima, Takao.
|
| 245 |
1 |
0 |
|a Dynamic blade stress on marine propellers operating in wake of ship's hull /
|c [Takao Sasajima].
|
| 264 |
|
1 |
|a Tokyo, Japan :
|b Mitsubishi Heavy Industries,
|c 1988.
|
| 300 |
|
|
|a 21 pages :
|b illustrations ;
|c 30 cm.
|
| 336 |
|
|
|a text
|b txt
|2 rdacontent
|
| 337 |
|
|
|a unmediated
|b n
|2 rdamedia
|
| 338 |
|
|
|a volume
|b nc
|2 rdacarrier
|
| 490 |
1 |
|
|a Mitsubishi technical bulletin,
|x 0540-469X ;
|v no. 181
|
| 500 |
|
|
|a Cover title.
|
| 500 |
|
|
|a "April 1988."
|
| 504 |
|
|
|a Includes bibliographical references.
|
| 650 |
|
0 |
|a Blades
|x Stress
|x Measurement.
|
| 650 |
|
0 |
|a Propellers
|x Design and construction.
|
| 710 |
2 |
|
|a Mitsubishi Jūkōgyō Kabushiki Kaisha.
|
| 830 |
|
0 |
|a Mitsubishi technical bulletin.
|x 0540-469X ;
|v no. 181.
|
| 948 |
|
|
|a cataloged
|b h
|c 2002/9/16
|d c
|e fpiscitelli
|f 12:24:30 pm
|
| 994 |
|
|
|a E0
|b TXA
|
| 999 |
|
|
|a MARS
|
| 999 |
f |
f |
|s a630f2ee-a1dc-3d86-b393-1e65db35abfd
|i 9a2f4cbc-4cb4-395c-ae9a-6de69ec72428
|t 0
|
| 952 |
f |
f |
|p ric
|a Texas A&M University
|b Rellis Campus
|c Joint Library Facility
|d Remote Storage
|t 0
|e TA1 .M758 no. 181
|h Library of Congress classification
|i unmediated -- volume
|m A14829150471
|
| 998 |
f |
f |
|a TA1 .M758 no. 181
|t 0
|l Remote Storage
|